书目信息 |
| 题名: |
数据结构与算法分析
|
|
| 作者: | Weiss 著 ;冯舜玺 译 | |
| 分册: | ||
| 出版信息: | 北京 机械工业出版社 2004 |
|
| 页数: | 13, 391页 | |
| 开本: | 26cm | |
| 丛书名: | 计算机科学丛书 | |
| 单 册: | ||
| 中图分类: | TP311.12 | |
| 科图分类: | ||
| 主题词: | 数据结构--shu ju jie gou--算法分析--教材 | |
| 电子资源: | ||
| ISBN: | 978-7-111-12748-2 | |
| 000 | 01227nam2 2200325 450 | |
| 001 | CAL 010030017007 | |
| 005 | 20181218172113.27 | |
| 010 | @a978-7-111-12748-2@b@dCNY35.00 | |
| 100 | @a20031231d2004 em y0chiy0121 ea | |
| 101 | 1 | @achi@ceng |
| 102 | @aCN@b110000 | |
| 105 | @aak z 001yy | |
| 106 | @ar | |
| 200 | 1 | @a数据结构与算法分析@Ashu ju jie gou yu suan fa fen xi@d= Data structures and algorithm analysis in C@eC语言描述@f(美)Mark Allen Weiss著@g冯舜玺译@zeng |
| 210 | @a北京@c机械工业出版社@d2004 | |
| 215 | @a13, 391页@c图@d26cm | |
| 225 | 2 | @a计算机科学丛书@Aji suan ji ke xue cong shu |
| 305 | @a第2版 | |
| 306 | @a由美国Pearson Education培生教育出版集团授权出版 | |
| 320 | @a有索引(第381-391页) | |
| 330 | @a本书是国外数据结构与算法分析方面的标准教材, 介绍了数据结构(大量数据的组织方法)以及算法分析(算法运行时间的估算)。 | |
| 410 | 0 | @12001 @a计算机科学丛书 |
| 510 | 1 | @aData structures and algorithm analysis in C@esecond edition@zeng |
| 606 | 0 | @a数据结构@Ashu ju jie gou@x算法分析@j教材 |
| 690 | @aTP311.12@v4 | |
| 701 | 1 | @aWeiss@bMark Allen@4著 |
| 702 | 0 | @a冯舜玺@Afeng shun xi@4译 |
| 801 | 0 | @aCN@bRENTIAN@c20031231@g |
| 905 | @aBZT@dTP311.12@e19 | |
| 906 | @dCNY35.00@n3@r1 | |
| 数据结构与算法分析= Data structures and algorithm analysis in C:C语言描述/(美)Mark Allen Weiss著/冯舜玺译.-北京:机械工业出版社,2004 |
| 13, 391页:图;26cm.-(计算机科学丛书) |
| ISBN 978-7-111-12748-2:CNY35.00 |
| 本书是国外数据结构与算法分析方面的标准教材, 介绍了数据结构(大量数据的组织方法)以及算法分析(算法运行时间的估算)。 |
| ● |
| 相关链接 |
|
|
|
正题名:数据结构与算法分析
索取号:TP311.12/19
 
预约/预借
| 序号 | 登录号 | 条形码 | 馆藏地/架位号 | 状态 | 备注 |
| 1 | 850502 | 2000850502 | 第二书库/ [索取号:TP311.12/19] | 在馆 | |
| 2 | 850503 | 2000850503 | 第二书库/ [索取号:TP311.12/19] | 在馆 | |
| 3 | 850504 | 2000850504 | 第二书库/ [索取号:TP311.12/19] | 在馆 |